Industrial abrasive materials and compositions /

Bibliographic Details
Other Authors: Collie, M. J.
Format: Book
Language:English
Published: Park Ridge, N.J. : Noyes Data Corp., 1981.
Series:Chemical technology review ; no. 190.
Subjects:

MARC

Tag First Indicator Second Indicator Subfields
LEADER 00000pam a2200000 a 4500
001 in00000076041
005 20151008060409.0
008 810430s1981 njua 00100 eng
010 |a  81038326  
020 |a 0815508514 :  |c $45.00 
035 |a (OCoLC)07554254 
035 |9 AAJ5665AM 
039 0 |a 2  |b 3  |c 3  |d 3  |e 3 
040 |a DLC  |c DLC  |d TXA  |d UtOrBLW 
043 |a n-us--- 
049 |a TXAM  |c [1196495] 
050 0 0 |a TJ1296  |b .I53 
082 0 |a 621.9/2  |2 19 
245 0 0 |a Industrial abrasive materials and compositions /  |c edited by M.J. Collie. 
264 1 |a Park Ridge, N.J. :  |b Noyes Data Corp.,  |c 1981. 
300 |a xii, 351 pages :  |b illustrations ;  |c 25 cm. 
336 |a text  |b txt  |2 rdacontent 
337 |a unmediated  |b n  |2 rdamedia 
338 |a volume  |b nc  |2 rdacarrier 
490 1 |a Chemical technology review ;  |v no. 190 
500 |a Includes indexes. 
650 0 |a Abrasives  |x Patents. 
650 0 |a Patents  |z United States. 
700 1 |a Collie, M. J. 
830 0 |a Chemical technology review ;  |v no. 190. 
999 |a MARS 
999 f f |s e0c7ddfa-5b68-319f-be8f-e11887321f5d  |i 75d1dabb-0cf2-352b-aa67-815ebf284e96  |t 0 
952 f f |p ric  |a Texas A&M University  |b Rellis Campus  |c Joint Library Facility  |d Remote Storage  |t 0  |e TJ1296 .I53  |h Library of Congress classification  |i unmediated -- volume  |m A14806250121 
998 f f |a TJ1296 .I53  |t 0  |l Remote Storage